VfB Stuttgart Squad 23/24 - Statistics

General Stats
  • This quiz has been taken 43 times
  • The average score is 18 of 28
Answer Stats
Kit No. Player % Correct
33 Alexander Nübel 🇩🇪
97%
27 Chris Führich 🇩🇪
92%
21 Hiroki Ito 🇯🇵
92%
7 Maximilian Mittelstädt 🇩🇪
92%
9 Serhou Guirassy 🇬🇳
92%
2 (C) Waldemar Anton 🇩🇪
92%
26 Deniz Undav 🇩🇪
89%
8 Enzo Millot 🇫🇷
81%
6 Angelo Stiller 🇩🇪
78%
14 Silas 🇨🇩
78%
1 Fabian Bredlow 🇩🇪
76%
16 Atakan Karazor 🇩🇪
73%
15 Pascal Stenzel 🇩🇪
70%
10 Woo-yeong Jeong 🇰🇷
68%
18 Jamie Leweling 🇩🇪
65%
4 Josha Vagnoman 🇩🇪
65%
20 Leonidas Stergiou 🇨🇭
65%
23 Dan-Axel Zagadou 🇫🇷
62%
5 Mahmoud Dahoud 🇸🇾
62%
17 Genki Haraguchi 🇯🇵
57%
29 Anthony Rouault 🇫🇷
49%
41 Dennis Seimen 🇩🇪
49%
25 Lilian Egloff 🇩🇪
35%
28 Nikolas Nartey 🇩🇰
35%
32 Roberto Massimo 🇩🇪
30%
36 Laurin Ulrich 🇩🇪
27%
40 Luca Raimund 🇩🇪
27%
42 Florian Schock 🇩🇪
19%
No matching quizzes found
Score Distribution
Percent of People with Each Score
Percentile by Number Answered
Your Score History
You have not taken this quiz